[Event "European Blitz-ch 2018"]
[Site "Skopje"]
[Date "2018.12.06"]
[Round "2"]
[White "Stevic, Hrvoje"]
[Black "Bogoevski, Jani"]
[Result "1-0"]
[WhiteElo "2587"]
[BlackElo "2190"]
[Annotator "TA"]
[PlyCount "109"]
[EventDate "2018.12.06"]
[EventType "swiss"]
[EventCountry "MKD"]
[SourceTitle "playchess.com"]
[Source "ChessBase"]
[SourceQuality "1"]

{[%evp 14,109,14,-46,64,55,55,65,85,90,97,104,87,46,50,29,46,55,48,-16,35,46,38,25,26,0,37,17,32,-48,-52,-39,0,0,70,0,4,6,4,0,0,0,3,7,190,172,282,239,243,220,253,134,228,228,395,340,352,343,363,272,276,195,236,244,245,244,244,202,199,108,120,73,72,0,314,314,314,222,229,221,221,221,210,210,210,148,150,150,210,208,210,210,210,210,1104,1104,2675,2686]} 1. e4 e6 2. d4 d5 3. e5 c5 4. c3 Qb6 5. Nf3 Bd7 6. Bd3 cxd4 {C02: French: Advance Variation} 7. Nxd4 Nc6 8. Nf3 {LiveBook: 4 Games} (8. Nxc6 $11 bxc6 9. Nd2) (8. Nxc6 bxc6 9. O-O Ne7 10. Qe2 a5 11. Nd2 c5 12. c4 Nc6 13. f4 g6 14. Kh1 {0-1 (36) Hou,Y (2649)-Short,N (2670) Hoogeveen 2016 CBM 175 [Stohl,I]}) 8... f5 $146 (8... f6 $15 9. b4 Be7) ({Predecessor:} 8... f6 9. b4 Qc7 10. exf6 Nxf6 11. O-O Bd6 12. Na3 a6 13. c4 Nxb4 14. cxd5 {0-1 (26) Ruiz Sanchez,O (2366)-Alarcon Casellas,R (2440) Havana 2013}) 9. O-O Nge7 10. Qe2 Ng6 11. h4 {[%cal Bh2h4,Bh4h5,Bh5h6][%mdl 32]} Be7 12. h5 $1 {[%cal Rh5g6]} Nh4 13. Nxh4 (13. Nh2 {feels hotter.} g5 14. g3 d4 15. gxh4 gxh4 16. Nf3) 13... Bxh4 14. Nd2 O-O 15. Nf3 Be7 16. Bf4 (16. h6 $14) 16... a6 (16... h6 $11) 17. h6 $14 g6 $1 18. b4 Qd8 19. Qe3 Qe8 (19... d4 $5 20. Nxd4 Nxd4 21. cxd4 (21. Qxd4 Bb5 $14) 21... g5 $14) 20. a4 Nd8 21. Ng5 ({White should play} 21. c4 $14) 21... Bxa4 $15 22. c4 Bxg5 23. Bxg5 Nf7 (23... dxc4 $11 24. Bxc4 Bb5) 24. Bf6 (24. cxd5 $1 $14 Nxg5 25. Qxg5) 24... dxc4 $11 25. Bxc4 Bb5 26. Rfc1 Rc8 27. Bb3 {With the idea Bg7.} Rxc1+ $1 28. Rxc1 Bc6 $2 (28... Qd7 $11 {and Black stays safe.}) 29. Bg7 $18 Nd8 (29... Qe7 $142) 30. Bxf8 Kxf8 31. Rd1 {Black must now prevent Qc5+.} Qe7 32. Qc5 (32. Rd6 $18) 32... Ke8 (32... Qxc5 $16 {is a better defense.} 33. bxc5 Ke7) 33. Rd6 Bb5 $2 (33... Qg5 34. f3 Qh4) 34. Qb6 Bc6 35. f4 Qh4 {intending ...Qe1+.} 36. Rd1 Qe7 37. Qc5 Qh4 38. Qd6 Qe7 39. Qxe7+ Kxe7 {[%mdl 4096] Endgame KRB-KBN} 40. Rd6 Bd7 41. Kf2 (41. Bd1 $1 $18) 41... Nf7 $16 42. Rb6 Bc6 {[#]} 43. Bc4 ({White should try} 43. Ke3 $1 $16) 43... Nd8 $2 {[%mdl 8192] [#]} (43... Kd7 $1 $11 {and Black is okay.}) 44. b5 $1 $18 {[%cal Rb5c6]} axb5 45. Bxb5 Bd5 46. Rd6 Nf7 47. Rd7+ Kf8 48. Rc7 Nxh6 49. Bc4 Bxc4 50. Rxc4 $16 {KR-KN} Nf7 (50... Ng8 $16 51. Rc8+ Kf7 52. Rc7+ Ne7 53. Rxb7 h6) 51. Rc7 h6 52. Rxb7 g5 53. g3 {[%cal Bg2g3,Bg3f4][%mdl 32]} Kg7 $2 (53... Nd8 54. Ra7 Nf7) 54. Re7 $18 gxf4 55. gxf4 {Precision: White = 55%, Black = 33%.} 1-0

[Event "European Blitz-ch 2018"]
[Site "Skopje"]
[Date "2018.12.06"]
[Round "2"]
[White "Djukic, Nikola"]
[Black "Iskos, Alexandros"]
[Result "1-0"]
[WhiteElo "2574"]
[BlackElo "2215"]
[Annotator "TA"]
[PlyCount "87"]
[EventDate "2018.12.06"]
[EventType "swiss"]
[EventCountry "MKD"]
[SourceTitle "playchess.com"]
[Source "ChessBase"]
[SourceQuality "1"]

{[%evp 20,87,44,15,44,36,42,37,44,41,43,22,26,22,28,24,37,16,20,4,13,9,37,6,51,13,55,49,59,49,47,47,47,41,64,54,64,54,53,63,88,79,76,41,61,60,141,134,238,234,247,99,346,335,407,408,400,379,500,466,1016,960,2255,2300,2031,1721,2186,1920,5189,5189]} 1. e4 d5 2. exd5 Qxd5 3. Nc3 Qd8 4. d4 Nf6 5. Nf3 Bg4 6. h3 Bxf3 {B01: Scandinavian Defence} 7. Qxf3 c6 8. Be3 e6 9. Bd3 (9. O-O-O Bb4 10. Ne4 Nxe4 11. Qxe4 Qd5 12. Qxd5 cxd5 13. c4 dxc4 14. Bxc4 {1-0 (41) Dominguez Perez,L (2739)-Pichot,A (2552) chess.com INT 2018}) 9... Nbd7 10. O-O Bd6 11. Ne4 {LiveBook: 3 Games} Nxe4 12. Qxe4 g6 13. Rad1 O-O 14. c3 {[#]} Re8 $146 15. Bc2 Nf6 16. Qf3 Nd5 17. Bc1 Qf6 18. Qxf6 Nxf6 19. g3 Kg7 20. Kg2 Rad8 21. f4 c5 22. Kf3 cxd4 (22... c4 {keeps more tension.} 23. a4 Nd5 24. Bd2 Rb8 25. b3 Rbc8) 23. Rxd4 Bc5 24. Rxd8 Rxd8 25. Rd1 Rxd1 26. Bxd1 $14 {[%mdl 4096] Endgame KBB-KBN} h5 27. a3 a5 28. b4 axb4 29. cxb4 Bb6 30. Bb2 Bd8 31. Ke3 {aiming for Bf3.} Kf8 32. Bf3 b6 (32... Nd5+ $1 $14 33. Kd3 b5) 33. Kd3 $16 Ke7 (33... Nd5 $16) 34. Kc4 $18 Kd7 35. Bd4 (35. Kb5 $18 {has better winning chances.}) 35... Kc7 $2 {[#]} (35... Ne8 $16 {was worth a try.}) 36. a4 h4 37. g4 Nd7 38. Kb5 f6 39. Bf2 {White is clearly winning.} e5 (39... g5 $142 40. fxg5 fxg5) 40. fxe5 Nxe5 41. Bxb6+ Kd7 42. Bxd8 Kxd8 43. Be4 Ke7 44. a5 {Accuracy: White = 43%, Black = 36%.} 1-0

[Event "European Blitz-ch 2018"]
[Site "Skopje"]
[Date "2018.12.06"]
[Round "2"]
[White "Brkic, Ante"]
[Black "Unuk, Laura"]
[Result "0-1"]
[WhiteElo "2563"]
[BlackElo "2253"]
[Annotator "TA"]
[PlyCount "116"]
[EventDate "2018.12.06"]
[EventType "swiss"]
[EventCountry "MKD"]
[SourceTitle "playchess.com"]
[Source "ChessBase"]
[SourceQuality "1"]

{[%evp 19,116,0,0,0,0,-14,-2,-43,-39,-50,-33,-95,-82,-137,-140,-143,-107,-140,-135,-129,-152,-195,-195,-191,-141,-243,-239,-247,-184,-228,-233,-423,-267,-264,-263,-289,-280,-355,-342,-335,-333,-328,-310,-362,-383,-466,-458,-477,-484,-500,-486,-444,-394,-552,-445,-420,-308,-301,-302,-586,-591,-586,-566,-588,-570,-537,-482,-595,-595,-487,-327,-431,-407,-561,-535,-1287,-1185,-1218,-1060,-1945,-1550,-2006,-1060,-1950,-1679,-1558,-1257,-29970,-6412,-29976,-29977,-29975,-29973,-29980,-29981,-29981,-29981,-29981,-29978]} 1. d4 d5 2. c4 e6 3. Nf3 Nf6 4. g3 Bb4+ 5. Bd2 Be7 6. Bg2 {E11: Bogo-Indian} Nbd7 $146 (6... O-O 7. O-O Nbd7 8. Nc3 c6 9. Bf4 dxc4 10. e4 Re8 11. a4 b6 12. d5 exd5 13. exd5 Bb7 14. a5 bxa5 15. d6 Bf8 16. Nd2 Nd5 17. Nxd5 cxd5 18. Nxc4 dxc4 19. Bxb7 {½-½ (42) Nakamura,H (2777)-Karjakin,S (2773) Saint Louis 2018}) 7. Qc2 c6 8. O-O b6 9. Bf4 Bb7 10. Rd1 Rc8 {LiveBook: 14 Games} 11. Nc3 dxc4 12. e4 O-O 13. a4 a6 14. h4 b5 {[%cal Bb6b5,Bb5b4][%mdl 32]} 15. Ng5 (15. e5 $15 Nd5 16. Ng5 Bxg5 17. Bxg5) 15... h6 $17 16. Nf3 ({Better is} 16. axb5 axb5 17. Nf3) 16... b4 17. Ne2 c5 {Threatens to win with ...cxd4.} 18. d5 exd5 {...b3 is the strong threat.} 19. exd5 Bxd5 20. Ne5 {[#]} Bxg2 $1 21. Kxg2 {With the idea Nxd7.} Qb6 {Strongly threatening ...Nxe5.} 22. Qxc4 (22. Nxc4 $17 {keeps fighting.} Qc6+ 23. f3) 22... Nxe5 $19 23. Bxe5 Rfd8 24. Nf4 Qc6+ 25. f3 $2 (25. Kg1) 25... Rxd1 26. Rxd1 Qxa4 27. Re1 Qb5 28. Qc2 c4 29. Bd4 Qd7 30. Rd1 {[#] Black must now prevent Bxf6.} Qc6 31. Re1 Bf8 32. Bxf6 Qxf6 33. Nd5 Qc6 34. Qf5 {White hopes to continue with Re7.} c3 35. bxc3 bxc3 36. Rc1 (36. Re7 $142 c2 37. Rxf7) 36... c2 37. Ne3 {[%cal Rc1c2]} Qe6 38. Qxe6 fxe6 39. Rxc2 $2 (39. Kf1) 39... Rxc2+ 40. Nxc2 {[%mdl 4096] Endgame KB-KN} Bc5 41. Kf1 Kf7 42. Ke2 Kf6 43. g4 Ke5 44. Ne1 Bd4 45. Nd3+ Kd6 46. Nb4 a5 {[%cal Ba6a5,Ba5a4,Ba4a3][%mdl 32]} 47. Na2 Kd5 48. Kd3 e5 49. Nc1 a4 50. Na2 a3 51. Nb4+ Kc5 52. Na2 Bb2 53. Kc2 Kd4 (53... Kc4 $142 54. Kb1 Kd3 55. g5 hxg5 56. h5 Ke3 57. Nb4 Kxf3 58. Nc2 g4 59. Ka2 e4 60. Ne1+ Kf2 61. h6 gxh6 62. Nc2 g3 63. Nb4 g2 64. Kb3 h5 65. Nc2 e3 66. Nb4 g1=Q 67. Nd3+ Kf3 68. Nb4 Qg8+ 69. Ka4 e2 70. Nd3 Qc4+ {[%mdl 64] Double Attack} 71. Ka5 Qxd3 72. Kb6 Qd6+ 73. Ka7 e1=Q 74. Kb7 Qee7+ 75. Kc8 Qdd8#) 54. Kb3 Ke3 {Black mates.} 55. Nb4 Kxf3 56. g5 hxg5 57. hxg5 e4 {[%cal Be5e4,Be4e3][%mdl 32]} 58. Nd5 e3 {Accuracy: White = 14%, Black = 74%.} 0-1

[Event "European Blitz-ch 2018"]
[Site "Skopje"]
[Date "2018.12.06"]
[Round "2"]
[White "Sebenik, Matej"]
[Black "Krunic, Dusan"]
[Result "0-1"]
[WhiteElo "2536"]
[BlackElo "2161"]
[Annotator "TA"]
[PlyCount "70"]
[EventDate "2018.12.06"]
[EventType "swiss"]
[EventCountry "MKD"]

{[%evp 17,70,11,8,8,0,4,14,4,14,21,23,24,33,10,36,0,0,-10,-5,-34,-25,-44,-12,-14,-11,-53,-57,-91,-84,-129,-139,-97,-77,-77,-71,-98,-98,-160,-62,-408,-408,-352,-322,-488,-485,-486,-480,-476,-476,-467,-450,-484,-475,-29975,-29976]} 1. Nf3 d5 2. c4 d4 3. g3 c5 4. Bg2 Nc6 5. d3 e5 6. O-O h6 {A09: Réti Opening: 1 Nf3 d5 2 c4} 7. e3 Nf6 8. exd4 exd4 9. Re1+ Be7 {LiveBook: 3 Games} 10. Bf4 O-O 11. Ne5 Nxe5 12. Bxe5 Bd6 13. Bxf6 Qxf6 14. Nd2 {[#]} Bf5 $146 ({Predecessor:} 14... Rb8 15. Ne4 Qg6 16. Qa4 a6 {0-1 (49) Bukavshin,I (2522)-Korobov,A (2702) Moscow 2013}) 15. Ne4 Qg6 16. Nxd6 Qxd6 17. Bxb7 Rab8 18. Qf3 Bxd3 19. Bd5 Bg6 20. b3 Rfe8 21. h4 {aiming for h5.} Re5 22. g4 {[#]} h5 $1 23. Qg3 {[#]} Rbe8 $1 24. Rxe5 Qxe5 25. Qxe5 Rxe5 $17 {[%mdl 4096] Endgame KRB-KRB} 26. g5 Kf8 27. a3 ({White should try} 27. f4 Re3 28. Kf2) 27... Bc2 ({Better is} 27... a5 $17 28. Ra2 Re1+ 29. Kg2 Rc1) 28. b4 $2 {[%mdl 8192]} (28. f4 $1 $15 Re3 29. b4) 28... d3 $19 29. Bf3 d2 {...Re1+ is the strong threat.} 30. Kg2 (30. Kf1 $142) 30... Re1 31. Ra2 d1=Q 32. Bxd1 Bxd1 33. bxc5 Bb3 34. Rb2 Bxc4 35. Rb7 (35. Kg3 $19 Rc1 36. Kf4) 35... Bd5+ {[%mdl 64] Double Attack. Accuracy: White = 38%, Black = 58%.} 0-1

[Event "European Blitz-ch 2018"]
[Site "Skopje"]
[Date "2018.12.06"]
[Round "2"]
[White "Nenezic, Marko"]
[Black "Tsolakidou, Stavroula"]
[Result "1-0"]
[WhiteElo "2515"]
[BlackElo "2387"]
[Annotator "TA"]
[PlyCount "111"]
[EventDate "2018.12.06"]
[EventType "swiss"]
[EventCountry "MKD"]
[SourceTitle "playchess.com"]
[Source "ChessBase"]
[SourceQuality "1"]

{[%evp 20,111,51,50,40,5,18,6,11,0,0,0,5,0,95,90,81,73,152,143,161,157,125,148,231,243,303,96,95,83,98,84,87,-52,-57,-48,-50,-46,23,-105,-91,-109,-97,-106,-100,-120,0,0,391,417,414,407,417,411,413,390,385,136,206,248,250,233,318,311,412,404,457,380,381,361,708,704,639,377,376,317,364,326,349,349,377,377,380,200,1135,1149,1081,1068,1062,1031,1011,945,852,824]} 1. Nf3 Nf6 2. c4 e6 3. g3 a6 4. Bg2 b5 5. b3 Bb7 6. O-O c5 7. Nc3 Qb6 8. e3 Be7 9. d4 {A13: English Opening: 1...e6} (9. Qe2 Ne4 10. Bb2 O-O 11. d4 Nxc3 12. Bxc3 cxd4 13. exd4 Bf6 14. Rac1 d6 15. c5 Qd8 16. Rfd1 Bd5 {½-½ (75) Bocharov,D (2611)-Svidler,P (2745) Novosibirsk 2016}) 9... d6 10. d5 exd5 11. cxd5 {LiveBook: 3 Games. White is slightly better.} Nbd7 $146 ({Predecessor:} 11... O-O 12. e4 Nbd7 13. h3 Rfe8 14. Be3 Bf8 15. Qc2 g6 16. Rac1 Bg7 {1-0 (58) Draskovic,L (2458)-Drasko,M (2441) Belgrade 2017}) 12. Nh4 g6 13. e4 O-O 14. Bh6 Rfe8 15. h3 Rac8 16. Qd2 c4 (16... Ne5 $11) 17. b4 Ne5 18. a4 Nfd7 ({Black should try} 18... bxa4 19. Nf3 Nxf3+ 20. Bxf3 Nd7) 19. Be3 Qd8 20. axb5 axb5 21. Ra7 Ba8 (21... Rb8 $16 22. Nxb5 Nf6) 22. Nxb5 c3 23. Nxc3 $2 (23. Qc2 $18) 23... Nc4 $16 24. Qe2 Nxe3 25. Qxe3 Bg5 26. f4 (26. Qd3 $16) 26... Bxh4 $15 27. Rxd7 $1 Qxd7 28. gxh4 Bb7 ({Better is} 28... Qb7 $15 29. Qd4 Qa6) 29. Qd4 {[#]} (29. e5 $11 {remains equal.}) 29... Ba6 $1 $17 {[%cal Ra6f1][%mdl 1024] Black has strong compensation.} 30. Ra1 Rc4 31. Qe3 Rec8 32. Nd1 Qb5 (32... Bb5 $17 33. h5 Qd8) 33. Bf1 $36 {[%mdl 2048] White has the initiative.} Rxe4 $2 {[%mdl 8192]} (33... Qxb4 $11 34. Bxc4 (34. Rxa6 Rxe4 {[%mdl 64] Double Attack} 35. Rb6 Qa4 $17) 34... Bxc4) 34. Bxb5 $18 Rxe3 35. Bxa6 ({Less strong is} 35. Nxe3 Bxb5 36. h5 Kg7 $14) 35... Re1+ 36. Kf2 Rce8 37. Bd3 Rh1 38. b5 $2 (38. Bf1 $18 {has better winning chances.}) 38... Rh2+ (38... Rxh3 $16 39. Bf1 Rxh4) 39. Kg3 Rd2 {[#]} 40. Bf1 $1 Rb8 41. Rb1 Kg7 42. Ne3 Ra2 43. f5 Ra3 44. Kf4 gxf5 $2 (44... Ra4+ 45. Kf3 Rxh4) 45. Nxf5+ Kf6 46. Nd4 Ra4 47. Rd1 Rc8 48. Ke3 Rc3+ 49. Rd3 Rc1 50. Be2 Rb1 51. Rb3 (51. Kd2 $142) 51... Rh1 $2 (51... Rxb3+ 52. Nxb3 Ke5) 52. b6 {[%cal Bb5b6,Bb6b7][%mdl 32] Hoping for b7.White is clearly winning.} Rxh3+ 53. Bf3 {Strongly threatening b7.} Ra8 54. b7 Re8+ 55. Kf2 Rxh4 56. Nc6 {Accuracy: White = 44%, Black = 38%.} 1-0

[Event "European Blitz-ch 2018"]
[Site "Skopje"]
[Date "2018.12.06"]
[Round "2"]
[White "Kalezic, Blazo"]
[Black "Krasniqi, Avni"]
[Result "1-0"]
[WhiteElo "2460"]
[BlackElo "1885"]
[Annotator "TA"]
[PlyCount "47"]
[EventDate "2018.12.06"]
[EventType "swiss"]
[EventCountry "MKD"]

{[%evp 24,46,-11,-25,0,-3,14,-14,128,64,134,95,194,191,205,191,206,216,248,211,214,216,659,646,29999]} 1. e4 {[%cal Be2e4,Be4e5][%mdl 32]} e6 2. d3 d5 3. Nd2 c6 4. g3 Nf6 5. Bg2 Be7 6. e5 Nfd7 7. Ngf3 Qc7 8. Qe2 c5 9. O-O Nc6 10. Re1 b6 11. c3 Bb7 12. h4 O-O 13. Nf1 Rfe8 {C00: French: Unusual White 2nd moves} 14. Bf4 Bf8 15. N1h2 $146 ({Predecessor:} 15. h5 h6 16. N1h2 Ne7 17. g4 Kh8 18. g5 Ng8 19. Ng4 f5 20. Ngh2 Be7 21. Qd2 {1-0 (41) Eydsteinsson,S (2059)-Muendle,K (1839) Andorra la Vella 2017}) 15... g6 {[#]} (15... a5 $11) 16. Ng4 (16. h5 $1 $16) 16... Bg7 ({Black should try} 16... h5 $1 $14) 17. Nh6+ Kf8 (17... Bxh6 $16 {keeps fighting.} 18. Bxh6 d4) 18. d4 $18 a5 19. Rac1 Ba6 20. Qe3 Bb7 21. Ng4 {Strongly threatening Bh6.} h5 {[#] Hoping for ...cxd4.} 22. Nf6 $1 {[%mdl 512]} Re7 $2 (22... Qd8 23. Nxe8 Qxe8) (22... Nxf6 23. exf6) 23. Ng5 {[%cal Rg5h7]} cxd4 24. Ngh7# {Accuracy: White = 40%, Black =  5%.} 1-0

[Event "European Blitz-ch 2018"]
[Site "Skopje"]
[Date "2018.12.06"]
[Round "2"]
[White "Ratsma, Midas"]
[Black "Anton Guijarro, David"]
[Result "0-1"]
[WhiteElo "2316"]
[BlackElo "2642"]
[Annotator "TA"]
[PlyCount "92"]
[EventDate "2018.12.06"]
[EventType "swiss"]
[EventCountry "MKD"]

{[%evp 10,92,19,14,29,4,21,13,14,-30,-25,-61,-97,-86,-85,-85,-68,-298,-275,-320,-328,-589,-612,-622,-354,-359,-331,-337,-242,-233,-229,-236,-228,-268,-262,-399,-410,-397,-245,-562,-382,-394,-381,-383,-363,-368,-298,-292,-291,-362,-368,-356,-341,-399,-385,-469,-469,-509,-508,-528,-512,-550,-549,-556,-543,-545,-541,-722,-616,-693,-684,-929,-924,-1204,-872,-1135,-487,-939,-546,-1583,-964,-2038,-1976,-5177,-5073]} 1. d4 Nf6 2. c4 e6 3. Nc3 Bb4 4. Qc2 d6 5. Bg5 h6 (5... Nbd7 6. e3 c5 7. Nge2 Qa5 8. a3 cxd4 9. Bxf6 Nxf6 10. exd4 O-O 11. Rd1 Bxc3+ 12. Nxc3 b6 13. Bd3 Bb7 14. O-O Qh5 {0-1 (65) Lenic,L (2656)-Melkumyan,H (2660) chess.com INT 2018}) 6. Bh4 {LiveBook: 27 Games. E32: Nimzo-Indian: Classical (4 Qc2): 4...0-0} Bxc3+ (6... O-O {looks sharper.} 7. e3 e5 8. Nge2 exd4 9. Nxd4 Na6) 7. bxc3 Nbd7 $146 (7... g5 $5 8. Bg3 $8 b6 $11) ({Predecessor:} 7... Qe7 8. e3 e5 9. Bd3 Nbd7 10. Qb3 Nf8 11. Ne2 Ng6 12. Bg3 c5 13. Qb5+ Nd7 14. O-O O-O {1-0 (45) Drozd,R (2212)-Dabek,R (2371) Poland 2007}) 8. e4 {The position is equal.} c5 9. d5 Qe7 10. Be2 exd5 11. exd5 O-O $36 {[%mdl 2048] Keeping White busy.} 12. Nf3 Re8 13. Bg3 $2 ({Better is} 13. Kf1 $15) 13... Nb6 $19 {[%cal Bd7b6,Bb6a4,Ba4c3][%mdl 32]} 14. Kf1 {[#]} Bf5 $1 {[%cal Rf5c2][%mdl 512]} 15. Qb2 $2 (15. Bd3 Bxd3+ 16. Qxd3) (15. Qxf5 Qxe2+) 15... Na4 16. Qd2 Nxc3 17. Bd3 Nce4 18. Qc2 Nxg3+ 19. hxg3 Bxd3+ 20. Qxd3 Qd7 21. Nd2 Re5 {[%cal Be8e5,Be5d5,Bd5d3][%mdl 32]} 22. f3 (22. Nf3 $142 Re7 23. Rh4) 22... Rae8 23. Kf2 b5 24. cxb5 $2 (24. Rae1 {is more resistant.}) 24... Rxd5 25. Qc3 Qxb5 {[#] White must now prevent ...Qe2+.} 26. Rhe1 Rxe1 27. Rxe1 Qd3 28. Qxd3 Rxd3 {[%mdl 4096] Endgame KRN-KRN} 29. Ke2 Ra3 30. Ra1 d5 31. Nb3 Nd7 32. Nc1 c4 {Black is clearly winning.} 33. Rb1 Nb6 34. Rb5 Kf8 35. Rc5 Ke7 36. Rc7+ Ke6 37. Kd2 d4 38. Kc2 g5 39. Rc6+ Kd7 40. Rxh6 Nd5 41. Rh7 Ke7 42. Rh5 Nb4+ (42... Ne3+ $142 43. Kb2 d3) 43. Kb2 (43. Kd1 $142 Kf6 44. Rh6+ Ke5 45. Rh5) 43... Re3 44. Rxg5 Re1 45. Rb5 Nd3+ 46. Nxd3 cxd3 {Accuracy: White = 15%, Black = 65%.} 0-1

[Event "European Blitz-ch 2018"]
[Site "Skopje"]
[Date "2018.12.06"]
[Round "2"]
[White "Velikic, Adela"]
[Black "Guseinov, Gadir"]
[Result "0-1"]
[WhiteElo "2298"]
[BlackElo "2664"]
[Annotator "TA"]
[PlyCount "58"]
[EventDate "2018.12.06"]
[EventType "swiss"]
[EventCountry "MKD"]
[SourceTitle "playchess.com"]
[Source "ChessBase"]
[SourceQuality "1"]

{[%evp 25,58,43,43,42,27,17,16,0,0,0,0,0,0,0,0,-107,-104,-101,-110,-242,-207,-626,-474,-850,-812,-847,-797,-767,-738,-714,-719,-714,-705,-1383,-1042]} 1. e4 c5 2. Nf3 g6 3. d4 cxd4 4. Nxd4 Nc6 5. c4 Nf6 6. Nc3 d6 7. Be2 Bg7 8. Be3 O-O 9. O-O Bd7 10. Rc1 Nxd4 11. Bxd4 Bc6 12. f3 Nd7 13. Be3 {B38: Sicilian: Maroczy Bind with 5...Bg7 and 7...0-0} a5 {LiveBook: 23 Games} 14. Kh1 (14. b3 Nc5 15. Qd2 Qb6 16. Nb5 Rfc8 17. Kh1 Qd8 18. Nd4 Bd7 19. Rfd1 h5 20. Bf1 Kh7 21. Ne2 Bc6 22. Nf4 Bh6 23. Qf2 Qh8 24. Rc2 {0-1 (42) Lenic,L (2613)-Le,Q (2664) Moscow 2011}) 14... a4 15. Qd2 {White has an edge.} Qa5 16. Nd5 Bxd5 {[#]} 17. cxd5 $146 ({Predecessor:} 17. Qxa5 Rxa5 18. cxd5 Bxb2 19. Rc7 Nc5 20. Rxe7 Rb8 21. Rc7 Bf6 {½-½ (52) Yandemirov,V (2503)-Okun,L (2259) Voronezh 2005}) 17... Qxd2 18. Bxd2 Bxb2 19. Rc7 Nc5 20. Be3 (20. Rxe7 $11 {keeps the balance.} Bf6 21. Rc7) 20... Rfc8 $17 21. Rxc8+ Rxc8 22. a3 (22. Kg1 $17 {was forced.}) 22... Bxa3 $19 23. Bxc5 $2 {[#]} (23. Bb5) 23... Bxc5 {[%mdl 4096] Endgame KRB-KRB. Black is clearly winning.} 24. Rb1 (24. Rd1 $142) 24... a3 {[%cal Ba4a3,Ba3a2][%mdl 32]} 25. Bc4 Bd4 26. Bb3 Rc3 27. Ba2 Rc2 28. Bb3 Rd2 29. Rc1 a2 {Accuracy: White = 22%, Black = 96%.} 0-1

[Event "European Blitz-ch 2018"]
[Site "Skopje"]
[Date "2018.12.06"]
[Round "2"]
[White "Gajcin, Marina"]
[Black "Dvirnyy, Danyyil"]
[Result "0-1"]
[WhiteElo "2244"]
[BlackElo "2485"]
[Annotator "TA"]
[PlyCount "110"]
[EventDate "2018.12.06"]
[EventType "swiss"]
[EventCountry "MKD"]
[SourceTitle "playchess.com"]
[Source "ChessBase"]
[SourceQuality "1"]

{[%evp 15,109,24,29,18,20,0,0,8,8,9,32,25,25,25,29,2,29,16,39,-45,-34,-31,-2,-13,-2,-5,0,0,6,0,0,-10,2,-25,-17,-29,0,0,0,-14,0,-29,-2,-27,-6,-8,6,0,0,-20,-10,-10,-6,-14,-5,0,0,0,0,-7,0,0,0,0,0,-7,0,0,0,0,0,0,0,0,0,-8,-7,-33,-34,-89,-20,-20,-27,-44,0,-20,-20,-62,-44,-81,-49,-75,0,-5,-8,-29999]} 1. e4 e5 2. Nf3 Nc6 3. Bc4 Bc5 4. c3 Nf6 5. d3 a6 6. a4 {C54: Giuoco Piano: 4 c3 Nf6, main lines with 5 d4 and 5 d3} Ba7 7. O-O d6 8. Nbd2 (8. Re1 O-O 9. h3 h6 10. Nbd2 Re8 11. Nf1 Be6 12. Bxe6 Rxe6 13. Be3 Bxe3 14. Nxe3 d5 {½-½ (32) Anand,V (2768)-Grischuk,A (2766) Saint Louis 2018}) 8... h6 {LiveBook: 12 Games} 9. b4 Ne7 10. h3 Ng6 $146 ({Predecessor:} 10... g5 11. Re1 g4 12. hxg4 Nxg4 13. Nf1 Nxf2 14. Qe2 Nxd3+ {0-1 (25) Varli,Y-Asatryan,S Kemer 2009}) 11. d4 O-O 12. Re1 exd4 13. cxd4 d5 14. exd5 Nxd5 15. Qb3 Be6 16. Ne4 Ndf4 17. Bb2 (17. Bxe6 $14 Nxe6 18. Be3) 17... Bxc4 $15 18. Qxc4 c6 19. b5 axb5 20. axb5 Qd5 21. Qxd5 Nxd5 22. bxc6 bxc6 23. Nc5 Bb6 24. Nd2 Ngf4 25. Ndb3 Rad8 26. Ba3 Rfe8 27. Kf1 g5 28. Nb7 Rb8 {Strongly threatening ...Rxe1+.} 29. N7c5 Kg7 30. Nd7 Rbd8 $132 {[%mdl 2048] Threatens to win with ...Rxe1+. Black is fighting back} 31. Nxb6 Nxb6 32. Bc5 Nbd5 33. Rxe8 Rxe8 34. Bd6 Nd3 35. Nc5 Nxc5 36. dxc5 $11 {[%mdl 4096] Endgame KRB-KRN} Kf6 37. g3 h5 38. Ra6 Rc8 39. Ra4 Kg6 40. Re4 Nf6 41. Ra4 Kf5 42. Ke2 g4 43. hxg4+ hxg4 44. Kd3 Nd5 45. Re4 f6 46. Re1 Ra8 47. Rh1 {[#]} (47. Re2 $1 $15) 47... Ra2 ({Black should try} 47... Ra3+ $1 $17 48. Kd4 Rf3) 48. Rh5+ Kg6 49. Rh2 Kf5 50. Rh5+ Ke6 51. Rh2 Ra3+ 52. Kd4 Rf3 53. Bf8 {[#]} Nb4 (53... Nc3 $1 $17) 54. Bh6 $1 Nc2+ 55. Ke4 $2 {[%mdl 8192]} (55. Kc4 $11) 55... f5# {Accuracy: White = 37%, Black = 42%.} 0-1